| 000 | 00751nam a2200241 a 4500 | ||
|---|---|---|---|
| 001 | BRCA_5378 | ||
| 005 | 20190320205043.0 | ||
| 008 | 081210s1987----nyua######---#000-0#eng-# | ||
| 020 | _a086565087X | ||
| 041 | _aeng | ||
| 044 | _anyu | ||
| 050 | 4 |
_aN5208 _b.S68 1987 |
|
| 245 | 1 | 0 |
_aSotheby´s _binternational price guide : 1987-88 edition _cgeneral editor John L. Marion. |
| 260 |
_aNueva York : París _bThe Vendome _c1987 |
||
| 300 |
_a736 p. _bil. _c27 cm. |
||
| 500 | _aIncluye índice alfabético | ||
| 500 | _aDonación Dr. Héctor Rivero Borrell Vázquez | ||
| 650 | 1 | 4 |
_aArte _vCatálogos _xSubastas _912953 |
| 650 | 1 | 4 |
_aArte _vCatálogos _xColecciones _913756 |
| 700 | 1 |
_aMarion, John L. _eEditor _913757 |
|
| 902 | _aDHR | ||
| 942 |
_2lcc _cB |
||
| 999 |
_c5072 _d5072 |
||